00414nam a22001337a 450000500170000000800410001704000080005808200080006624500550007426000400012930000140016931000120018327000850019520090205104410.0090205t xxu||||| |||| 00| 0 eng d adpl a370 aMaabadibeducational and cultural monthly magazine aChittoorbNayuni Chandrakalac2008- av.c26 cm amonthly a7-196, G K Palli Road, ChowdepallebChittoore517257k08581-256234l08581-256213